000 00406nam a22000857a 4500
100 _aFORTI, M
_aARONSON, J.A.
_aMEDNLINGER, S.
_aYARON, A.
245 _aNew crops for arid lands, Third annual report, Feb 1984-Jan 1985: Cooperative arid lands agriculture research program, United States- Egypt-Israel
260 _aIsrael
_bThe Rudolph and Rhoda Boyko Institute for Agriculture & Applied Biology
_c1985
942 _cRE
999 _c75431
_d75431